| 000 | 00845nam a2200241Ia 4500 | ||
|---|---|---|---|
| 003 | OSt | ||
| 005 | 20221002055449.0 | ||
| 006 | a|||||r|||| 00| 0 | ||
| 007 | ta | ||
| 008 | 220930b |||||||| |||| 00| 0 hin d | ||
| 020 | _c1500 | ||
| 024 | _a105507 | ||
| 037 |
_b12961, 19/03/2011, Kitab Ghar _cReference Collections |
||
| 040 |
_aCRL _cCRL _bhin |
||
| 041 |
_2hin _ahin |
||
| 082 | _aO152,3N361x, P4.1-.3(RR) | ||
| 100 | _aभ्रमर, रामकुमार | ||
| 245 | 0 | _aरामकुमार भ्रमर रचनावली | |
| 260 |
_aनयी _bदिल्ली किताबघर _c2004 |
||
| 490 | _vभाग 1 | ||
| 942 |
_hO152,3N361x, P4.1-.3(RR) _cref _2CC |
||
| 999 |
_c927742 _d927742 |
||